Negociačné pozície SR na rokovaniach s Európskou úniou
Negociačné pozície SR na rokovaniach s EÚ v oblasti ochrany spotrebiteľa a zdravia, ich legislatívne a bezpečnostné východiská.
Na minha lista:
| Formato: | Capítulo de Livro |
|---|---|
| Idioma: | eslovaco |
| Assuntos: | |
| Tags: |
Sem tags, seja o primeiro a adicionar uma tag!
|
MARC
| LEADER | 00000naa a2200000 4500 | ||
|---|---|---|---|
| 001 | r038652 | ||
| 005 | 20230824105110.2 | ||
| 041 | 0 | |a slo | |
| 044 | |a SK | ||
| 245 | 1 | 0 | |a Negociačné pozície SR na rokovaniach s Európskou úniou |
| 520 | |a Negociačné pozície SR na rokovaniach s EÚ v oblasti ochrany spotrebiteľa a zdravia, ich legislatívne a bezpečnostné východiská. | ||
| 610 | 2 | 0 | |a integrácia ekonomická medzinárodná |
| 610 | 2 | 0 | |a Európska únia |
| 610 | 2 | 0 | |a Slovensko |
| 610 | 2 | 0 | |a ochrana spotrebiteľa |
| 610 | 2 | 0 | |a ochrana zdravia |
| 610 | 2 | 0 | |a legislatíva |
| 610 | 2 | 0 | |a aproximácia práva |